| 000 | 00632 a2200193 4500 | ||
|---|---|---|---|
| 020 | _a0821805762 | ||
| 020 | _a9780821805763 | ||
| 082 | _a512.2 | ||
| 090 |
_c977 _d977 |
||
| 100 | 1 | _aSteinberg, Robert. | |
| 245 | 1 | 0 |
_aRobert steinberg collected papers / _cRobert Steinberg. |
| 260 |
_a[S.l.] : _bAmerican Mathematical Society, _c1997. |
||
| 300 |
_a599 p. ; _c26 cm. |
||
| 490 | 1 | _aCollected works. | |
| 700 | _aSteinberg, Robert. | ||
| 830 | 0 | _aCollected works. | |
| 942 |
_aSNS _cBK _k512.2 STE |
||
| 999 |
_c29596 _d29596 |
||